| 000 | 01209nam a2200337 i 4500 | ||
|---|---|---|---|
| 003 | OSt | ||
| 005 | 20251202145517.0 | ||
| 008 | 251202t20242024nyu jr 000 1 eng | ||
| 020 |
_a9781454953579 _qpaperback _cRM 55.61 |
||
| 040 |
_aPPAK _beng _cPPAK _erda |
||
| 082 | 0 | 4 |
_a823.8 _223 |
| 090 | 0 | 0 |
_a823.8 _bBUR _dK |
| 100 | 1 |
_aBurnett, Frances Hodgson, _d1849-1924, _eauthor. |
|
| 245 | 1 | 2 |
_aA LITTLE PRINCESS / _cFRANCES HODGSON BURNETT |
| 264 | 1 |
_aNew York : _bUNION SQUARE KIDS, _c2024 |
|
| 264 | 4 | _c©2024 | |
| 300 |
_a223 pages ; _c21 cm |
||
| 336 |
_atext _2rdacontent |
||
| 337 |
_aunmediated _2rdamedia |
||
| 338 |
_avolume _2rdacarrier |
||
| 490 | 1 | _aSIGNATURE CLASSICS | |
| 500 | _aFirst published: 1905. | ||
| 520 | _aSara Crewe, a pupil at Miss Minchin's London school, is left in poverty when her father dies but is later rescued by a mysterious benefactor. | ||
| 650 | 1 | 0 | _aChildren's stories. |
| 650 | 2 | 0 |
_aBoarding schools _zEngland _vJuvenile fiction. |
| 650 | 2 | 0 |
_aOrphans _vJuvenile fiction. |
| 651 | 0 |
_aLondon (England) _xHistory _y1950 |
|
| 651 | 0 |
_aGreat Britain _xHistory _yVictoria, 1837-1901 |
|
| 830 | 0 | _aSignature classics | |
| 942 |
_2ddc _cB |
||
| 999 |
_c201917 _d201917 |
||